[Event "Copenhagen Challenge"]
[Site "Ballerup"]
[Date "2008.04.20"]
[Round "8"]
[White "Andersen, Daniel"]
[Black "Hartsteen, Mark"]
[Result "1-0"]
[WhiteElo "2010"]
[BlackElo "1909"]
[PlyCount "59"]
[EventDate "2008.04.16"]
[EventType "swiss"]
[EventRounds "9"]
[EventCountry "DEN"]
[SourceTitle "CBM 123 Extra"]
[Source "ChessBase"]
[SourceDate "2008.05.06"]
[SourceVersion "1"]
[SourceVersionDate "2008.05.06"]
[SourceQuality "1"]

1. c4 Nf6 2. Nc3 g6 3. e4 d6 4. d4 Bg7 5. f3 0-0 6. Be3 e5 7. Nge2 Nc6 8. d5 Ne7 9. g4 c6 10. Qd2 cxd5 11. cxd5 Bd7 12. 0-0-0 b5 13. Ng3 Qa5 14. Kb1 b4 15. Nce2 Rfc8 16. h4 Rc7 17. Nc1 Qa4 18. Bd3 Rac8 19. Nb3 Bb5 20. Rc1 Qa6 21. Bxb5 Qxb5 22. Rxc7 Rxc7 23. Rc1 Rb7 24. Qe2 Qd7 25. Qa6 Ne8 26. Na5 Rb8 27. Nc6 Rb7 28. Bxa7 f5 29. gxf5 gxf5 30. Nxe7+ 1-0

[Event "Copenhagen Challenge"]
[Site "Ballerup"]
[Date "2008.04.16"]
[Round "1"]
[White "Hartsteen, Mark"]
[Black "Semcesen, Daniel"]
[Result "0-1"]
[WhiteElo "1909"]
[BlackElo "2351"]
[PlyCount "66"]
[EventDate "2008.04.16"]
[EventType "swiss"]
[EventRounds "9"]
[EventCountry "DEN"]
[SourceTitle "CBM 123 Extra"]
[Source "ChessBase"]
[SourceDate "2008.05.06"]
[SourceVersion "1"]
[SourceVersionDate "2008.05.06"]
[SourceQuality "1"]

1. c4 f5 2. g3 Nf6 3. Bg2 g6 4. Nc3 Bg7 5. Nf3 0-0 6. 0-0 d6 7. d4 c6 8. e3 Qe8 9. b3 Na6 10. Bb2 Bd7 11. a3 e5 12. dxe5 dxe5 13. Qc2 Qe7 14. Rad1 Rae8 15. Rfe1 e4 16. Nd4 Ng4 17. Nde2 Ne5 18. Rd2 g5 19. Red1 Bc8 20. Nd4 Qf7 21. Nce2 Qh5 22. Nc1 Rf6 23. b4 Nc7 24. Ncb3 Rh6 25. h3 f4 26. exf4 gxf4 27. Qxe4 fxg3 28. fxg3 Nxc4 29. g4 Rxe4 30. gxh5 Nxd2 31. Rxd2 Re8 32. Nc5 Rxh5 33. Ne4 Bxh3 0-1

[Event "Amager CC-ch A"]
[Site "Amager"]
[Date "2008.03.11"]
[Round "6"]
[White "Kokholm, Daniel"]
[Black "Hartsteen, Mark"]
[Result "1-0"]
[WhiteElo "1827"]
[BlackElo "1738"]
[PlyCount "39"]
[EventDate "2008.01.22"]
[EventType "tourn"]
[EventRounds "10"]
[EventCountry "DEN"]
[SourceTitle "EXT 2023"]
[Source "ChessBase"]
[SourceDate "2022.10.05"]
[SourceVersion "1"]
[SourceVersionDate "2022.10.05"]
[SourceQuality "1"]

1. d4 Nf6 2. Nc3 g6 3. e4 d6 4. Nf3 Bg7 5. Be3 0-0 6. Qd2 c6 7. 0-0-0 Nbd7 8. Bh6 e5 9. dxe5 dxe5 10. h4 b5 11. g4 a5 12. h5 b4 13. Na4 Bb7 14. hxg6 fxg6 15. Bxg7 Kxg7 16. g5 Nxe4 17. Qxd7+ Qxd7 18. Rxd7+ Kg8 19. Bc4+ Kh8 20. Rhxh7# 1-0

[Event "Copenhagen-ch"]
[Site "Copenhagen"]
[Date "2007.??.??"]
[Round "1"]
[White "Hartsteen, Mark"]
[Black "Brondum, Eric"]
[Result "0-1"]
[WhiteElo "1933"]
[BlackElo "2172"]
[PlyCount "64"]
[EventDate "2007.10.13"]
[EventType "swiss"]
[EventRounds "9"]
[EventCountry "DEN"]
[SourceTitle "EXT 2018"]
[Source "ChessBase"]
[SourceDate "2017.10.13"]
[SourceVersion "1"]
[SourceVersionDate "2017.10.13"]
[SourceQuality "1"]

1. c4 b6 2. Nf3 Bb7 3. Nc3 c5 4. g3 Bxf3 5. exf3 Nc6 6. d3 g6 7. Bg5 Bg7 8. Qd2 Nf6 9. Ne4 Nd4 10. Bg2 0-0 11. 0-0 d5 12. Nxf6+ exf6 13. Be3 dxc4 14. dxc4 f5 15. Rad1 Qd7 16. b4 Qa4 17. bxc5 bxc5 18. Bxd4 Bxd4 19. f4 Rab8 20. Rb1 Qxc4 21. Rxb8 Rxb8 22. Qa5 a6 23. Qc7 Re8 24. Bc6 Re2 25. Qd7 Qe6 26. Qd8+ Kg7 27. Bd5 Bxf2+ 28. Kh1 Qf6 29. Qa5 Qd4 30. Bf3 Qe3 31. Bxe2 Qe4+ 32. Bf3 Qxf3# 0-1

[Event "Copenhagen Challenge"]
[Site "Ballerup"]
[Date "2007.??.??"]
[Round "6"]
[White "Hartsteen, Mark"]
[Black "Pallesen, Jacob"]
[Result "1/2-1/2"]
[WhiteElo "1973"]
[BlackElo "2001"]
[PlyCount "59"]
[EventDate "2007.05.02"]
[EventType "swiss"]
[EventRounds "9"]
[EventCountry "DEN"]
[SourceTitle "EXT 2018"]
[Source "ChessBase"]
[SourceDate "2017.10.13"]
[SourceVersion "1"]
[SourceVersionDate "2017.10.13"]
[SourceQuality "1"]

1. c4 Nf6 2. Nf3 e6 3. g3 b6 4. Bg2 Bb7 5. 0-0 c5 6. d3 d6 7. Nc3 Be7 8. Bf4 0-0 9. Rb1 Nc6 10. a3 Nh5 11. Bd2 f5 12. b4 Qd7 13. Qa4 h6 14. bxc5 dxc5 15. Ne5 Nxe5 16. Qxd7 Nxd7 17. Bxb7 Rab8 18. Bf3 Nhf6 19. Rfe1 Kf7 20. Nb5 a5 21. Nc3 g5 22. Rb2 Bd8 23. Nb5 Be7 24. Bg2 Rbd8 25. Reb1 Rb8 26. f4 g4 27. Na7 Bd6 28. Bc3 Bc7 29. Nb5 Bd8 30. Na7 1/2-1/2

[Event "Copenhagen Challenge"]
[Site "Ballerup"]
[Date "2007.??.??"]
[Round "7"]
[White "Nicolajsen, Esben"]
[Black "Hartsteen, Mark"]
[Result "0-1"]
[WhiteElo "1887"]
[BlackElo "1973"]
[PlyCount "110"]
[EventDate "2007.05.02"]
[EventType "swiss"]
[EventRounds "9"]
[EventCountry "DEN"]
[SourceTitle "EXT 2018"]
[Source "ChessBase"]
[SourceDate "2017.10.13"]
[SourceVersion "1"]
[SourceVersionDate "2017.10.13"]
[SourceQuality "1"]

1. d4 Nf6 2. c4 g6 3. Nc3 Bg7 4. e4 d6 5. f4 0-0 6. Nf3 Re8 7. Be2 Nbd7 8. 0-0 e5 9. dxe5 dxe5 10. Nxe5 Nxe5 11. Qxd8 Rxd8 12. fxe5 Nd7 13. Bg5 Re8 14. Nd5 Bxe5 15. Bf4 c6 16. Bxe5 Rxe5 17. Nc7 Rb8 18. Rad1 Rxe4 19. Bf3 Re7 20. g4 Nf8 21. Rfe1 Rxc7 22. Re8 Kg7 23. g5 Rd7 24. Rxd7 Nxd7 25. Bg4 Ne5 26. Rxc8 Rxc8 27. Bxc8 b6 28. Ba6 Nf3+ 29. Kg2 Nxg5 30. c5 Ne6 31. cxb6 axb6 32. Kf3 Kf6 33. Ke3 Ke5 34. Be2 f5 35. b4 c5 36. b5 Nd4 37. Bf1 Nc2+ 38. Kd2 Nb4 39. a3 Nd5 40. Be2 Kd4 41. a4 c4 42. Bd1 Kc5 43. Bf3 g5 44. h3 h6 45. Ke1 Nf4 46. h4 g4 47. Bd1 Ng2+ 48. Kf2 Nxh4 49. Kg3 Ng6 50. Bc2 Ne7 51. Kf2 Kb4 52. Kg3 Kc3 53. Bd1 Kd2 54. a5 bxa5 55. Ba4 Nd5 0-1

[Event "Copenhagen Challenge"]
[Site "Ballerup"]
[Date "2007.??.??"]
[Round "8"]
[White "Peschardt, Soren"]
[Black "Hartsteen, Mark"]
[Result "1-0"]
[WhiteElo "2152"]
[BlackElo "1973"]
[PlyCount "89"]
[EventDate "2007.05.02"]
[EventType "swiss"]
[EventRounds "9"]
[EventCountry "DEN"]
[SourceTitle "EXT 2018"]
[Source "ChessBase"]
[SourceDate "2017.10.13"]
[SourceVersion "1"]
[SourceVersionDate "2017.10.13"]
[SourceQuality "1"]

1. d4 Nf6 2. c4 g6 3. Nc3 Bg7 4. g3 d6 5. Bg2 0-0 6. Nf3 Nbd7 7. 0-0 e5 8. d5 Ne8 9. e4 a5 10. Ne1 Nc5 11. Nd3 Nxd3 12. Qxd3 f5 13. f3 f4 14. Ne2 g5 15. g4 h5 16. h3 Nf6 17. Bd2 Kf7 18. Rac1 Rh8 19. Kf2 c6 20. dxc6 bxc6 21. b3 Qb6+ 22. c5 dxc5 23. Qc4+ Be6 24. Qxc5 Qxc5+ 25. Rxc5 hxg4 26. hxg4 a4 27. Rxc6 axb3 28. axb3 Ra2 29. Bc3 Bxb3 30. Rb1 Be6 31. Rb7+ Nd7 32. Rcc7 Rd8 33. Bb2 Raa8 34. Nc1 Rac8 35. Nd3 Kg6 36. Bf1 Rxc7 37. Rxc7 Rh8 38. Nc5 Nxc5 39. Rxc5 Ra8 40. Ke1 Ra2 41. Bc3 Ra3 42. Be2 Bf8 43. Rc6 Kf6 44. Bb2 Ra2 45. Rxe6+ 1-0

[Event "Taastrup Quick Weekend 4th A"]
[Site "Taastrup"]
[Date "2006.10.29"]
[Round "4"]
[White "Hartsteen, Mark"]
[Black "Hansen, Rasmus Agertoft"]
[Result "0-1"]
[WhiteElo "1745"]
[BlackElo "1889"]
[PlyCount "98"]
[EventDate "2006.10.27"]
[EventType "tourn"]
[EventRounds "5"]
[EventCountry "DEN"]
[SourceTitle "EXT 2023"]
[Source "ChessBase"]
[SourceDate "2022.10.05"]
[SourceVersion "1"]
[SourceVersionDate "2022.10.05"]
[SourceQuality "1"]

1. c4 Nf6 2. Nf3 g6 3. g3 Bg7 4. Bg2 0-0 5. d3 d6 6. Nc3 c6 7. Bd2 e5 8. Rb1 Nbd7 9. b4 Nh5 10. b5 c5 11. Nd5 f5 12. Qc1 Nhf6 13. Bg5 f4 14. gxf4 Qa5+ 15. Nc3 e4 16. Nd2 exd3 17. exd3 Nh5 18. Bd5+ Kh8 19. Nde4 h6 20. Bh4 Nxf4 21. 0-0 Ne5 22. Bf6 Nexd3 23. Bxg7+ Kxg7 24. Qe3 Qd8 25. Rbd1 Ne5 26. Qg3 Bh3 27. Rfe1 Qh4 28. Nxd6 Qxg3+ 29. hxg3 Nxd5 30. Nxd5 Nf3+ 31. Kh1 Nxe1 32. Rxe1 Rxf2 33. Nf4 Rf1+ 34. Rxf1 Bxf1 35. Ne6+ Kf6 36. Nxc5 b6 37. Nb3 Ke5 38. Nf7+ Ke6 39. Nxh6 Rh8 40. Kg1 Bh3 41. Nd4+ Kf6 42. Nc6 Rxh6 43. Nxa7 Bd7 44. a4 Rh8 45. a5 bxa5 46. c5 a4 47. b6 a3 48. c6 Bxc6 49. Nxc6 a2 0-1

[Event "Politiken Cup 28th"]
[Site "Copenhagen"]
[Date "2006.07.27"]
[Round "6"]
[White "Hartsteen, Mark"]
[Black "Royset, Pal"]
[Result "1/2-1/2"]
[WhiteElo "1973"]
[BlackElo "2228"]
[PlyCount "55"]
[EventDate "2006.07.22"]
[EventType "swiss"]
[EventRounds "9"]
[EventCountry "DEN"]
[SourceTitle "CBM 113 Extra"]
[Source "ChessBase"]
[SourceDate "2006.09.14"]
[SourceVersion "1"]
[SourceVersionDate "2006.09.14"]
[SourceQuality "1"]

1. c4 Nf6 2. Nf3 e6 3. g3 d5 4. cxd5 exd5 5. Bg2 g6 6. 0-0 Bg7 7. Nc3 0-0 8. d4 Nbd7 9. Bf4 c6 10. Rc1 Re8 11. b4 a6 12. a4 Ne4 13. Nxe4 dxe4 14. Nd2 Nf6 15. Be5 e3 16. fxe3 Ng4 17. Bxg7 Kxg7 18. Qb3 f5 19. Rf3 Be6 20. Qc3 Bd5 21. e4 Bxe4 22. Nxe4 Rxe4 23. d5+ Kg8 24. dxc6 Qb6+ 25. Kh1 bxc6 26. Rff1 Rxb4 27. Bxc6 Rd8 28. h3 1/2-1/2

[Event "Amager CC-ch"]
[Site "Amager"]
[Date "2006.04.18"]
[Round "9"]
[White "Hartsteen, Mark"]
[Black "Nielsen, John Holm"]
[Result "1/2-1/2"]
[WhiteElo "1647"]
[BlackElo "1992"]
[PlyCount "45"]
[EventDate "2006.01.10"]
[EventType "swiss"]
[EventRounds "9"]
[EventCountry "DEN"]
[SourceTitle "EXT 2023"]
[Source "ChessBase"]
[SourceDate "2022.10.05"]
[SourceVersion "1"]
[SourceVersionDate "2022.10.05"]
[SourceQuality "1"]

1. c4 e5 2. d3 Nf6 3. Nf3 Nc6 4. g3 Bc5 5. Bg2 0-0 6. 0-0 d6 7. Nc3 a6 8. a3 Ba7 9. b4 Nd4 10. e3 Nxf3+ 11. Bxf3 c6 12. Rb1 d5 13. Ne2 Qe7 14. e4 dxe4 15. dxe4 Bh3 16. Re1 Rad8 17. Qc2 Rd7 18. c5 Rfd8 19. Be3 Ng4 20. Nc1 Nxe3 21. Rxe3 Rd2 22. Qc3 Bb8 23. Nd3 1/2-1/2

[Event "Amager CC-ch"]
[Site "Amager"]
[Date "2006.01.10"]
[Round "1"]
[White "Nielsen, Thomas"]
[Black "Hartsteen, Mark"]
[Result "1/2-1/2"]
[WhiteElo "1832"]
[BlackElo "1647"]
[PlyCount "62"]
[EventDate "2006.01.10"]
[EventType "swiss"]
[EventRounds "9"]
[EventCountry "DEN"]
[SourceTitle "EXT 2023"]
[Source "ChessBase"]
[SourceDate "2022.10.05"]
[SourceVersion "1"]
[SourceVersionDate "2022.10.05"]
[SourceQuality "1"]

1. d4 Nf6 2. c4 g6 3. Nc3 Bg7 4. e4 d6 5. f3 0-0 6. Be3 e5 7. d5 Ne8 8. Bd3 f5 9. exf5 Bxf5 10. Bxf5 gxf5 11. Nh3 Qh4+ 12. Bf2 Qxc4 13. Ng5 Na6 14. Ne6 Rf6 15. a3 c6 16. Nxg7 Nxg7 17. dxc6 bxc6 18. Rc1 Nc5 19. Bxc5 Qxc5 20. Qb3+ d5 21. Ne2 Qa5+ 22. Kf1 Qb6 23. Qc3 Re6 24. g3 Rb8 25. b4 Qb5 26. Kf2 d4 27. Qd2 Rf8 28. Rc5 Qb6 29. Kg2 Rd8 30. Rhc1 e4 31. fxe4 fxe4 1/2-1/2